000 00656nam a2200241Ia 4500
003 OSt
005 20220923211626.0
006 a|||||r|||| 00| 0
007 ta
008 220922b |||||||| |||| 00| 0 san d
024 _a25,891
037 _cTextual
040 _aARTS
_cARTS
_bsan
041 _2san
_asan
082 _aQ25:23, 15L3
100 _aंिसंह, देवनन्दन
245 0 _aशाक्तप्रमोद
246 _aShāktapramoda
260 _c1973
300 _a582चण्
_ccm.
942 _hQ25:23, 15L3
_cTEXL
_2CC
999 _c301629
_d301629